Behavioural sciences and industrial relations (Record no. 695179)

MARC details
000 -LEADER
fixed length control field 00841nam a2200265Ia 4500
003 - CONTROL NUMBER IDENTIFIER
control field OSt
005 - DATE AND TIME OF LATEST TRANSACTION
control field 20220927105913.0
008 - FIXED-LENGTH DATA ELEMENTS--GENERAL INFORMATION
fixed length control field 220926b |||||||| |||| 00| 0 eng d
037 ## - SOURCE OF ACQUISITION
Terms of availability Reference Collections
040 ## - CATALOGING SOURCE
Original cataloging agency RTL
Transcribing agency RTL
Language of cataloging eng
041 ## - LANGUAGE CODE
Source of code eng
Language code of text/sound track or separate title eng
100 ## - MAIN ENTRY--PERSONAL NAME
Personal name Thomson Andrew Ed.
9 (RLIN) 375648
245 #0 - TITLE STATEMENT
Title Behavioural sciences and industrial relations
Remainder of title So
260 ## - PUBLICATION, DISTRIBUTION, ETC.
Place of publication, distribution, etc. London
Name of publisher, distributor, etc. Gower UK
Date of publication, distribution, etc. 1981
300 ## - PHYSICAL DESCRIPTION
Extent 202p. Bib. p 189-202
Dimensions cm.
490 ## - SERIES STATEMENT
Series statement Foundation for Management education conference
650 ## - SUBJECT ADDED ENTRY--TOPICAL TERM
Topical term or geographic name entry element Industrial Relations
9 (RLIN) 375649
700 ## - ADDED ENTRY--PERSONAL NAME
Personal name Warner Malool... Ed.
9 (RLIN) 375650
942 ## - ADDED ENTRY ELEMENTS (KOHA)
Classification part "X:97:(S:44), M1"
Koha item type
Holdings
Withdrawn status Lost status Damaged status Not for loan Home library Current library Date acquired Total Checkouts Full call number Barcode Date last seen Price effective from Koha item type
        Ratan Tata Library Ratan Tata Library 2022-09-27   "X:97:(S:44) M1" RT0721920 2022-09-27 2022-09-27  
Copyright @ Delhi University Library System